| 000 | 01979 a2200301 4500 | ||
|---|---|---|---|
| 003 | OSt | ||
| 005 | 20180116192339.0 | ||
| 008 | 120621t 2009xxu||||| |||| 00| 0 eng d | ||
| 020 | _a382285770X (hardcover) | ||
| 020 | _a9783822857700 (hardcover) | ||
| 028 | 4 | 2 |
_a0413829083268 _bTaschen |
| 040 | _c0 | ||
| 082 | 0 | 4 | _a720.92 |
| 100 | 1 |
_aPfeiffer, Bruce Brooks. _94802 |
|
| 245 | 1 | 0 |
_aFrank lloyd wright complete works. _nVol. 3 : _b1943-1959 / _cBruce Brooks Pfeiffer, Peter Gossel. |
| 260 |
_aHong Kong : _bTaschen, _c2009. |
||
| 300 |
_a596 p. ; _bill.; _c48 cm. |
||
| 490 | 1 | _aV. 3. | |
| 520 | _aThe definitive publication on America's greatest architect. The three-volume monograph features all of Wright's designs (numbering approximately 1100), both realized and unrealized. Made in cooperation with the Frank Lloyd Wright Archives in Taliesin, Arizona, this collection leaves no stone unturned in examining and paying tribute to Wrights life and work. Author and preeminent Wright expert Bruce Brooks Pfeiffer highlights the latest research and gives fresh insight into the work. Volume 3 starts after World War II, when Wrights organic living architecture introduced ideas for the use of solar energy and curved open spaces. In addition to the Guggenheim museum, the postwar era also saw extraordinary projects such as Wrights plans for a new Baghdad, his only realized high-rise tower in Bartlesville, Oklahoma, the crystal figure of the Beth Sholom Synagogue in Elkins Park, Pennsylvania, and an endless row of houses that reached new complexity by floor plans based on hexagons. | ||
| 600 |
_aWright, Frank Lloyd _d1867-1959 _94803 |
||
| 650 | 0 |
_aArchitecture _zUnited States _94804 |
|
| 650 | 0 |
_aArchitects _94805 |
|
| 650 | 0 |
_aArchitecture, American _94806 |
|
| 700 | 1 |
_aGossel, Peter. _94807 |
|
| 830 | 0 |
_aV. 3. _94808 |
|
| 856 | 4 | 0 |
_3Amazon.com _uhttp://www.amazon.com/exec/obidos/ASIN/382285770X/chopaconline-20 |
| 942 |
_aSADA _cREF _kREF 720.92 PFE 2009 _2ddc |
||
| 999 |
_c352599 _d352599 |
||